Central Library OPAC University of Rajshahi

Robert Frost : (Record no. 63844)

MARC details
000 -LEADER
fixed length control field 00894nam a2200265 a 4500
001 - CONTROL NUMBER
control field 63844
003 - CONTROL NUMBER IDENTIFIER
rucl marc code BD-RjUL
005 - DATE AND TIME OF LATEST TRANSACTION
control field 20211209081235.0
008 - FIXED-LENGTH DATA ELEMENTS--GENERAL INFORMATION
fixed length control field 170204r19611960nyuac 001 0 eng d
035 ## - SYSTEM CONTROL NUMBER
System control number (BD-RjUL)63974
040 ## - CATALOGING SOURCE
Original cataloging agency DLC
Transcribing agency DLC
Modifying agency m.c.
-- RCD
-- BD-RjUL
Language of cataloging eng
041 ## - LANGUAGE CODE
Language code of text/sound track or separate title eng
082 ## - DEWEY DECIMAL CLASSIFICATION NUMBER
Edition number 23
Classification number 811.52
Author mark and year SER 1960
090 ## - LOCALLY ASSIGNED LC-TYPE CALL NUMBER (OCLC); LOCAL CALL NUMBER (OCLC)
Classification number (OCLC) (R) ; Classification number, CALL (RLIN) (NR) PS3511.R839
Local cutter number (OCLC) ; Book number/undivided call number, CALL (RLIN) Z6 .S484
099 ## - LOCAL FREE-TEXT CALL NUMBER (OCLC)
Bangla Class number PS3511.R839.Z6 .S484
100 1# - MAIN ENTRY--PERSONAL NAME
Personal name Sergeant, Elizabeth Shepley,
Dates associated with a name 1881-1965.
9 (RLIN) 189561
245 10 - TITLE STATEMENT
Title Robert Frost :
Remainder of title the trial by existence.
Statement of responsibility, etc. Elizabeth Shepley Sergeant
260 ## - PUBLICATION, DISTRIBUTION, ETC. (IMPRINT)
Place of publication, distribution, etc. New York :
Name of publisher, distributor, etc. Holt, Rinehart and Winston ,
Date of publication, distribution, etc. c1960 , [printing 1961]
300 ## - PHYSICAL DESCRIPTION
Pagination xxvii, 451 p :
Illustrations ill. ;
Size 22 cm.
600 10 - SUBJECT ADDED ENTRY--PERSONAL NAME
Personal name Frost, Robert,
Dates associated with a name 1874-1963.
General subdivision Criticism and interpretation.
Personal name Frost, Robert,
Dates associated with a name 1874-1963.
Personal name Frost, Robert,
942 ## - ADDED ENTRY ELEMENTS (KOHA)
Source of classification or shelving scheme Dewey Decimal Classification
Koha item type Books
Holdings
Lost status Source of classification or shelving scheme Damaged status Not for loan Collection code Permanent Location Current Location Shelving location Date acquired Source of acquisition Cost, normal purchase price Total Checkouts Full call number Date last seen Copy number Koha item type
  Dewey Decimal Classification   Not For Loan Non-fiction Central Library, University of Rajshahi Central Library, University of Rajshahi Reading Room 12/03/1964 Zeittinger 48.00   811.52 SER 1960 04/02/2017 C-1 Books